000 00738cam a22002293a 4500
001 16555
003 PGUSA
005 20140828083343.0
008 050820s2005||||xxu|||||s|||||000 | eng d
040 _aPGUSA
_beng
042 _adc
050 4 _aDA
100 1 _aHolinshed, Raphael
245 1 0 _aChronicles 1 (of 6) :
_bThe Historie of England 5 (of 8) : The Fift Booke of the Historie of England.
_h[electronic resource] /
_cRaphael Holinshed
260 _bProject Gutenberg,
_c2005
506 _aPublic domain in the USA.
516 _aElectronic text
653 _aGreat Britain -- History -- Anglo-Saxon period, 449-1066
830 0 _aProject Gutenberg
_v16555
856 4 0 _uhttp://www.gutenberg.org/ebooks/16555
942 _cEB
999 _c245810
_d245810